| 000 | 00566 a2200145 4500 | ||
|---|---|---|---|
| 040 | _aDLC | ||
| 082 | _aBIT-2 | ||
| 100 |
_aMuhammad Adeel Zafar. _992341 |
||
| 245 |
_aJob steering service in interactive grid analysis environment _cMuhammad Adeel Zafar. |
||
| 260 |
_aIslamabad : _bNUST School of Electrical Engineering & Computer Science, _c2004. |
||
| 300 |
_axv, 132 p. : _bill. ; _c27 cm. + _eCD-ROM. |
||
| 500 | _aSupervisors : Dr. Arshad Ali, Dr. Hafiz Farooq Ahmad. | ||
| 856 | _uhttp://10.250.8.41:8080/xmlui/handle/123456789/16477 | ||
| 942 |
_cPR _kBIT-2 ADE _2ddc |
||
| 999 |
_c8885 _d8885 |
||